|
|
|
|
| LEADER |
00840ncm a22002412a 4500 |
| 001 |
001327354 |
| 003 |
CZ BrMZK |
| 005 |
20131111092305.0 |
| 007 |
qu |
| 008 |
120206s1900 gw |||||||||||||||||ger d |
| 040 |
|
|
|a BOA001
|b cze
|
| 041 |
0 |
|
|a ger
|a ita
|
| 072 |
|
7 |
|a 782
|x Divadelní hudba. Opera, opereta, muzikál
|2 Konspekt
|9 9
|
| 100 |
1 |
|
|a Verdi, Giuseppe,
|d 1813-1901
|7 jn19990008764
|4 cmp
|
| 245 |
1 |
3 |
|a Il trovatore
|h [hudebnina] :
|b Oper in 4 Akten : vollständiger Klavierauszug mit Text : Neue Ausgabe /
|c von J. Verdi
|
| 260 |
|
|
|a Leipzig :
|b Aug. Cranz,
|c [1900?]
|
| 300 |
|
|
|a 239 s.
|
| 500 |
|
|
|a Převzato do Edition Peters
|
| 546 |
|
|
|a Souběžný italský text
|
| 910 |
|
|
|a BOA001
|b Mus4-0181.248
|
| 990 |
|
|
|a MU
|
| 991 |
|
|
|b 201309
|
| 996 |
6 |
|
|b 2619607206
|c Mus4-0181.248
|l MZK
|r Sklad / do 1 hodiny
|n 0
|w 001362336
|u 000010
|a 1
|e BOA001
|j MZK50
|s P
|